House calls (Record no. 66338)

MARC details
000 -LEADER
fixed length control field 01108cam a2200241 4500
001 - CONTROL NUMBER
control field WB3710-20
008 - FIXED-LENGTH DATA ELEMENTS--GENERAL INFORMATION
fixed length control field 000000n2001 000 0 eng u
035 ## - SYSTEM CONTROL NUMBER
System control number (Sirsi) u111323
245 ## - TITLE STATEMENT
Title House calls
260 ## - PUBLICATION, DISTRIBUTION, ETC.
Date of publication, distribution, etc. 2001
490 ## - SERIES STATEMENT
Series statement Guardian
Volume/sequential designation 8 March 2001, 25(2)
520 ## - SUMMARY, ETC.
Summary, etc. Considers the latest forecast by Cambridge University researcher Alan Holmans, on the number of new affordable homes that will be needed for rent, particularly in London and the south-east, over the next 15 years. His forecast, published by not-for-profit housing associations and the Town and Country Planning Association, predicts that 230,000 new homes or conversions will be needed each year across England until 2016. Graph. To obtain a copy of "Housing demand and need in England 1996-2016" tel: 0207 9308903.
590 ## - LOCAL NOTE (RLIN)
Local note WB
650 ## - SUBJECT ADDED ENTRY--TOPICAL TERM
Topical term or geographic name entry element HOUSING
650 ## - SUBJECT ADDED ENTRY--TOPICAL TERM
Topical term or geographic name entry element SOUTH EAST ENGLAND
650 ## - SUBJECT ADDED ENTRY--TOPICAL TERM
Topical term or geographic name entry element RENTAL ACCOMMODATION
650 ## - SUBJECT ADDED ENTRY--TOPICAL TERM
Topical term or geographic name entry element FORECASTS
650 ## - SUBJECT ADDED ENTRY--TOPICAL TERM
Topical term or geographic name entry element TOWN AND COUNTRY PLANNING ASSOCIATION
650 ## - SUBJECT ADDED ENTRY--TOPICAL TERM
Topical term or geographic name entry element Affordable housing
9 (RLIN) 6215
650 ## - SUBJECT ADDED ENTRY--TOPICAL TERM
Topical term or geographic name entry element NEW HOMES
690 ## - LOCAL SUBJECT ADDED ENTRY--TOPICAL TERM (OCLC, RLIN)
Topical term or geographic name as entry element HOUSING-DEVELOPMENT
942 ## - ADDED ENTRY ELEMENTS (KOHA)
Suppress in OPAC 0
Holdings
Withdrawn status Lost status Source of classification or shelving scheme Damaged status Not for loan Home library Current library Shelving location Date acquired Total Checkouts Full call number Barcode Date last seen Copy number Price effective from Koha item type
    Dewey Decimal Classification     London London News article 08/03/2001   WB3710-20 111323-1001 06/08/2019 1 06/08/2019 News article
    Dewey Decimal Classification     London London News article 08/03/2001   WB3710-20 111323-1002 06/08/2019 2 06/08/2019 News article